| 000 | 00637nam a2200181Ia 4500 | ||
|---|---|---|---|
| 008 | 151018s9999 xx 000 0 und d | ||
| 082 |
_bRBASDV22148 _a110 |
||
| 100 | _aके वि बेलसरे | ||
| 245 | _aसंतांचे आत्मचरित्र | ||
| 250 | _b1 | ||
| 260 |
_bत्रिदल प्रकाशन मुंबई _c1989 |
||
| 300 | _a232 | ||
| 600 | _aके वि बेलसरे | ||
| 630 | _aसंतांचे आत्मचरित्र | ||
| 700 | _aके वि बेलसरे | ||
| 730 | _aसंतांचे आत्मचरित्र | ||
| 942 | _cBOOK | ||
| 999 |
_c1021818 _d1021815 |
||